000 00599nam a22002177a 4500
003 UA-OsUOA
001 65594
007 ta
008 20091201b un ||||| |||| 00| 0 ukr d
100 _aСкуба В.
090 _a908
_bС46
942 _cSA
040 _aUA-OsUOA
_bukr
_cUA-OsUOA
_dUA-OsUOA
245 _aВ Острозькій академії почала роботу Лабораторія перекладу сакральних текстів
300 _aС.7
955 _a0
041 _aukr
080 _a908
773 0 _w65593
650 7 _a908 Краєзнавство
_2UDC
999 _c351648
_d351648